Community forests now finding urban roots (Record no. 68678)
[ view plain ]
| 000 -LEADER | |
|---|---|
| fixed length control field | 01315cam a2200253 4500 |
| 001 - CONTROL NUMBER | |
| control field | ABS64661 |
| 008 - FIXED-LENGTH DATA ELEMENTS--GENERAL INFORMATION | |
| fixed length control field | 011025n2001 000 0 eng u |
| 035 ## - SYSTEM CONTROL NUMBER | |
| System control number | (Sirsi) u115316 |
| 100 ## - MAIN ENTRY--PERSONAL NAME | |
| Personal name | Durk, |
| 245 ## - TITLE STATEMENT | |
| Title | Community forests now finding urban roots |
| 260 ## - PUBLICATION, DISTRIBUTION, ETC. | |
| Date of publication, distribution, etc. | 2001 |
| 490 ## - SERIES STATEMENT | |
| Series statement | Urban Environment Today |
| Volume/sequential designation | (132) 11 October 2001, 11(1) |
| 520 ## - SUMMARY, ETC. | |
| Summary, etc. | Reports on the success of the national community forest programme, set up in 1991 to reclaim derelict land and provide community facilities across urban fringes. Illustrates how the community forest approach has become incorporated into regeneration programmes such as the New Deal for Communities and Single Regeneration Budget initiatives and recognised as part of the government's environmental regeneration agenda. Outlines the funding aspects of community forests and discusses local community initiatives such as the Thames Chase Community Forest. Includes a case study describing the benefits of environmental regeneration on a Bristol housing estate. |
| 590 ## - LOCAL NOTE (RLIN) | |
| Local note | ABS |
| 650 ## - SUBJECT ADDED ENTRY--TOPICAL TERM | |
| Topical term or geographic name entry element | COMMUNITY FORESTS |
| 650 ## - SUBJECT ADDED ENTRY--TOPICAL TERM | |
| Topical term or geographic name entry element | FOREST MANAGEMENT |
| 650 ## - SUBJECT ADDED ENTRY--TOPICAL TERM | |
| Topical term or geographic name entry element | DERELICT LAND |
| 650 ## - SUBJECT ADDED ENTRY--TOPICAL TERM | |
| Topical term or geographic name entry element | URBAN AREAS |
| 650 ## - SUBJECT ADDED ENTRY--TOPICAL TERM | |
| Topical term or geographic name entry element | BRISTOL |
| 650 ## - SUBJECT ADDED ENTRY--TOPICAL TERM | |
| Topical term or geographic name entry element | REGENERATION |
| 650 ## - SUBJECT ADDED ENTRY--TOPICAL TERM | |
| Topical term or geographic name entry element | SOCIAL REGENERATION |
| 690 ## - LOCAL SUBJECT ADDED ENTRY--TOPICAL TERM (OCLC, RLIN) | |
| Topical term or geographic name as entry element | ENVIRONMENTAL AND LAND CONSULTANCY |
| 942 ## - ADDED ENTRY ELEMENTS (KOHA) | |
| Suppress in OPAC | 0 |
| Withdrawn status | Lost status | Source of classification or shelving scheme | Damaged status | Not for loan | Home library | Current library | Shelving location | Date acquired | Total Checkouts | Full call number | Barcode | Date last seen | Copy number | Price effective from | Koha item type |
|---|---|---|---|---|---|---|---|---|---|---|---|---|---|---|---|
| Dewey Decimal Classification | London | London | Journal article | 25/10/2001 | ABS64661 | 115316-1001 | 06/08/2019 | 1 | 06/08/2019 | Journal article |